000 00257nam a2200109Ia 4500
008 190216s9999||||xx |||||||||||||| ||und||
100 _aDevaki Nandan Vibov
245 0 _aHindi-Sofal Jeevan
260 _bPragathi Prakashan
650 _aHindi
942 _cBK
999 _c15274
_d15274